Teaching talk : (Record no. 18763)

MARC details
000 -LEADER
fixed length control field 01013cam a2200289 a 4500
001 - CONTROL NUMBER
control field 4258748
003 - CONTROL NUMBER IDENTIFIER
control field OSt
005 - DATE AND TIME OF LATEST TRANSACTION
control field 20211117145451.0
008 - FIXED-LENGTH DATA ELEMENTS--GENERAL INFORMATION
fixed length control field 840229s1984 enka b 001 0 eng
010 ## - LIBRARY OF CONGRESS CONTROL NUMBER
LC control number 84005013
020 ## - INTERNATIONAL STANDARD BOOK NUMBER
International Standard Book Number 0521265282
020 ## - INTERNATIONAL STANDARD BOOK NUMBER
International Standard Book Number 0521319420 (pbk.)
040 ## - CATALOGING SOURCE
Original cataloging agency DLC
Transcribing agency HU
Modifying agency DLC
050 00 - LIBRARY OF CONGRESS CALL NUMBER
Classification number P95.3
Item number .T4 1984
082 00 - DEWEY DECIMAL CLASSIFICATION NUMBER
Classification number 001.54/2/0712
Edition number 19
245 00 - TITLE STATEMENT
Title Teaching talk :
Remainder of title strategies for production and assessment /
Statement of responsibility, etc. Anne Anderson ... [et al.].
260 ## - PUBLICATION, DISTRIBUTION, ETC.
Place of publication, distribution, etc. Cambridge [Cambridgeshire] ;
-- New York :
Name of publisher, distributor, etc. Cambridge University Press,
Date of publication, distribution, etc. 1984.
300 ## - PHYSICAL DESCRIPTION
Extent 178 p. :
Other physical details ill. ;
Dimensions 23 cm.
500 ## - GENERAL NOTE
General note Includes index.
504 ## - BIBLIOGRAPHY, ETC. NOTE
Bibliography, etc. note Bibliography: p. 176.
650 #0 - SUBJECT ADDED ENTRY--TOPICAL TERM
Topical term or geographic name entry element Oral communication
General subdivision Study and teaching (Secondary)
9 (RLIN) 18982
650 #0 - SUBJECT ADDED ENTRY--TOPICAL TERM
Topical term or geographic name entry element Sociolinguistics.
9 (RLIN) 10770
700 1# - ADDED ENTRY--PERSONAL NAME
Personal name Anderson, Anne,
Dates associated with a name 1954-
9 (RLIN) 18983
856 42 - ELECTRONIC LOCATION AND ACCESS
Materials specified Publisher description
Uniform Resource Identifier <a href="http://www.loc.gov/catdir/description/cam031/84005013.html">http://www.loc.gov/catdir/description/cam031/84005013.html</a>
906 ## - LOCAL DATA ELEMENT F, LDF (RLIN)
a 7
b cbc
c orignew
d 1
e ocip
f 19
g y-gencatlg
942 ## - ADDED ENTRY ELEMENTS (KOHA)
Source of classification or shelving scheme Dewey Decimal Classification
Koha item type Books like text book referance book
Suppress in OPAC No
Holdings
Withdrawn status Lost status Source of classification or shelving scheme Damaged status Not for loan Collection code Home library Current library Shelving location Date acquired Total Checkouts Full call number Barcode Date last seen Copy number Price effective from Koha item type
    Dewey Decimal Classification     Reference Wondo Genet Library Wondo Genet Library General Stacks 11/17/2021   001.54`2`0712 TEA 1984 WGCFNRL00006835 11/17/2021 1 11/17/2021 Books like text book referance book